000
00306nam a22001337a 4500
008
170607b xxu||||| |||| 00| 0 eng d
020
_a
0256023751
041
_a
eng
080
_a
32
100
_a
18
101
_a
SHP
245
_a
SCOPE AND METHODS POLITICAL SCIENCE
_c
ISAAK.A.C
942
_2
udc
_c
BK
999
_c
16343
_d
16343